Giáo trình đo lường thể dục thể thao

Sách gồm 10 tập hợp những thông tin cơ bản nhất, mới nhất về đo lường thể dục thể thao trong thời gian gần đây, đặc biệt là đã giới thiệu các phương pháp đo lường đánh giá cụ thể.

Saved in:
Bibliographic Details
Main Author: Lê, Văn Lẫm
Format: Book
Language:Undetermined
Published: Hà Nội Thể dục Thể thao 2007
Subjects:
Tags: Add Tag
No Tags, Be the first to tag this record!
Institutions: Trung tâm Học liệu Trường Đại học Cần Thơ
LEADER 00950nam a2200205Ia 4500
001 CTU_239154
008 210402s9999 xx 000 0 und d
082 |a 796.028 
082 |b L120 
100 |a Lê, Văn Lẫm 
245 0 |a Giáo trình đo lường thể dục thể thao 
245 0 |c Lê Văn Lẫm, Phạm Xuân Thành (biên soạn) 
260 |a Hà Nội 
260 |b Thể dục Thể thao 
260 |c 2007 
520 |a Sách gồm 10 tập hợp những thông tin cơ bản nhất, mới nhất về đo lường thể dục thể thao trong thời gian gần đây, đặc biệt là đã giới thiệu các phương pháp đo lường đánh giá cụ thể. 
650 |a Thể thao,Sports 
650 |x Đo lường,Thử nghiệm,Testing,Measurement 
910 |b vtbtruc 
980 |a Trung tâm Học liệu Trường Đại học Cần Thơ